Contours of top of Dewey Lake.

Bibliographic Details
Format: Map
Language:English
Published: [Texas?] : [publisher not identified], [1970?]
Subjects:

MARC

Tag First Indicator Second Indicator Subfields
LEADER 00000nem a2200000 i 4500
001 in00005684145
005 20260207172832.9
008 260207s1970 txua a 0 eng d
007 aj aazaa
040 |a TXA  |b eng  |e rda  |c TXA 
034 0 |a a  |d W1011342  |e W1004757  |f N0335003  |g N0332733  |2 bound 
035 |a (OCoLC)1572090173 
043 |a n-us-tx 
050 4 |a G4033D6C57 1970  |b .C66 
052 |a 4033  |b D6 
245 0 0 |a Contours of top of Dewey Lake. 
255 |a Scale not given  |c (W 101°13ʹ42ʺ--W 100°47ʹ57ʺ/N 33°50ʹ03ʺ--N 33°27ʹ33ʺ). 
264 1 |a [Texas?] :  |b [publisher not identified],  |c [1970?] 
300 |a 1 map :  |b photocooy ;  |c on sheet 134 x 108 cm 
336 |a cartographic image  |b cri  |2 rdacontent 
337 |a unmediated  |b n  |2 rdamedia 
338 |a sheet  |b nb  |2 rdacarrier 
500 |a Relief shown by contours. 
500 |a Blue line print. 
650 0 |a Geology, Stratigraphic  |y Paleozoic  |v Maps. 
650 0 |a Geology  |z Permian Basin (Tex. and N.M.)  |v Maps. 
650 0 |a Geology  |z Midland Basin (Tex. and N.M.)  |v Maps. 
650 0 |a Basins (Geology)  |z Texas  |z Dickens County  |v Maps. 
651 0 |a Dickens County (Tex.)  |v Maps. 
655 7 |a Geological maps.  |2 lcgft 
994 |a Z0  |b TXA 
948 |h HELD BY TXA - 0 OTHER HOLDINGS 
999 f f |i 3047cdfc-3b37-447d-926f-547629e0b831  |s 7e27b77a-7e34-4579-8db6-7e7c780100c8  |t 0 
952 f f |p noncirc  |a Texas A&M University  |b College Station  |c Sterling C. Evans Library  |s Evans Maps and GIS  |d Evans: Maps (2nd floor)  |t 0  |e G4033D6C57 1970 .C66  |h Library of Congress classification  |i unmediated -- sheet  |m A14853501510 
998 f f |a G4033D6C57 1970 .C66  |t 0  |l Evans: Maps (2nd floor)